732 (Registo nº 677)

Detalhes MARC
000 -Etiqueta do registo
Cabeçalho 00685nam0a22002771 4500
005 - Identificador da versão
Campo de controlo 20240813121809.0
010 ## - Número internacional normalizado dos livros (ISBN)
Número (ISBN) 972221246X
021 ## - Número do Depósito Legal
Código do país PT
Número 33452/89
035 ## - Other System Control Numbers
System Control Number 0000706
System Control Number 0000702
System Control Number 0000702
System Control Number 0000690
100 ## - Dados gerais de processamento
Dados gerais de processamento 20051116d a e0pory5003 ba
102 ## - Pais de publicação ou produção
País de publicação Portugal
101 1# - Língua de publicação
Língua do texto, banda sonora, etc. Português
Língua do documento no original Francês
106 ## - Campo de dados codificados: material textual
Dados codificados do material textual r
105 ## - Campo de dados codificados: livros
Dados codificados dos livros y z 001yy
215 ## - Descrição física 
Indicação específica da natureza do documento e extensão da espécie p. 29
Dimensões cm
200 1# - Titulo e menção de responsabilidade
Título próprio 732
Informação de outro título Poitiers: o fim da conquista árabe da Europa
Primeira menção de responsabilidade Jacques Marseille
Outras menções de responsabilidade il. Bruno Le Sourd
225 2# - Colecção 
Título próprio da colecção grandes momentos da História
Indicação de volume 3
210 ## - Publicação, Distribuição, etc. 
Lugar da edição, distribuição, etc. Lisboa
Nome do editor, distribuidor, etc. Verbo
Data da publicação, distribuição, etc. 1990
942 ## - Elementos de entrada adicionados (Koha)
Tipo de item no Koha Livro
Exemplares
Situação do levantamento Origin of item (home branch) (coded) Biblioteca de empréstimo Código de barras Cota Circulation type (not for loan) Tipo de documento Nota do exemplar Damaged status
  Biblioteca Escolar Eng. Nuno Mergulhão Biblioteca Escolar Eng. Nuno Mergulhão BENM1099 9UNI MAR   Livro Sem mensagem